| 000 | 01039nam a22002177a 4500 | ||
|---|---|---|---|
| 003 | BDDh-ASL | ||
| 005 | 20231015031302.0 | ||
| 008 | 230331n |||||||| |||| 00| 0 b d | ||
| 040 | _cBDDh-ASL | ||
| 041 | _abengali | ||
| 082 |
_a297.09247 _bAMS |
||
| 100 | 1 |
_aআমীনী, মুহাম্মদ সাফওয়াত আসসাকা _97793 |
|
| 245 | 1 |
_aসোভিয়েত ইউনিয়নে মুসলমান / _cজুলফিকার আহমদ কিসমতী (অনু.)। |
|
| 246 | _aSoviet Unione Musalman. | ||
| 300 |
_a৬৬ পৃষ্ঠা: _c২২ সে.মি. |
||
| 650 | 0 |
_aIslamic History (ইসলামের ইতিহাস), Islamic Civilization, ইসলামী সভ্যতা, Isalāmī sabhyatā _95885 |
|
| 650 | 0 |
_aইসলাম ধর্ম (Islamic Religion) _96085 |
|
| 650 | 0 |
_aSoviet Union সোভিয়েত ইউনিয়ন _97794 |
|
| 700 | 1 |
_aকিসমতী, জুলফিকার আহমদ _95768 |
|
| 942 |
_2ddc _cBK |
||
| 999 |
_c31552 _d31552 |
||